Вып. 3: Проблемы городообразования; Русский город (Исследования и материалы)

Podrobná bibliografie
Parent link:Русский город (Исследования и материалы): в 9 вып./ под ред. В. Л. Янина. Вып. 3.— , 1976-
Jazyk:ruština
Vydáno: 1980
Témata:
Médium: Kniha
KOHA link:https://koha.lib.tpu.ru/cgi-bin/koha/opac-detail.pl?biblionumber=330346

MARC

LEADER 00000nam2a2200000 4500
001 330346
005 20241220104917.0
035 |a (RuTPU)RU\TPU\book\356120 
035 |a RU\TPU\book\356118 
090 |a 330346 
100 |a 20170404d1980 k y0rusy5003 ca 
101 0 |a rus 
102 |a RU 
105 |a a z 001zy 
200 0 |a Вып. 3: Проблемы городообразования 
210 |d 1980 
215 |a 267 с.  |c ил. 
320 |a Библиография в примечаниях. 
461 1 |0 (RuTPU)RU\TPU\book\300483  |t Русский город (Исследования и материалы)  |o в 9 вып.  |f под ред. В. Л. Янина  |v Вып. 3  |d 1976- 
606 |a Город в России  |x История  |9 82886 
610 1 |a историография 
610 1 |a источниковедение 
610 1 |a исторические источники 
610 1 |a социальное развитие 
610 1 |a демографическое развитие 
610 1 |a 16 век 
610 1 |a 17 век 
610 1 |a 18 век 
610 1 |a Дубна 
610 1 |a Подмосковье 
610 1 |a русское купечество 
610 1 |a советские города 
610 1 |a Новгород 
610 1 |a биографии 
610 1 |a зодчие 
686 |a Т3(2)-2  |2 rubbk 
801 0 |a RU  |b RuMRKP  |c 19950704  |g psbo 
801 1 |a RU  |b 63413507  |c 20141201 
801 2 |a RU  |b 63413507  |c 20170410  |g RCR 
942 |c CR